The royal funeral ceremony in Renaissance France.

Bibliographic Details
Main Author: Giesey, Ralph E.
Format: Book
Language:English
Published: Geneve : E. Droz, 1960.
Series:Travaux d'humanisme et Renaissance ; no. 37.
Subjects:

MARC

Tag First Indicator Second Indicator Subfields
LEADER 00000cam a2200000 4500
001 in00000023524
005 20151007064453.0
008 750717s1960 sz b 00000 eng u
010 |a  61065268  
035 |a (OCoLC)01454866 
035 |9 AAD9905AM 
040 |c ZPM  |d TXA  |d UtOrBLW 
049 |a TXAM  |c [348009] 
050 0 0 |a GT3249  |b .G5 
082 0 |a 393 
092 |a 393  |b G455r, 1960 
100 1 |a Giesey, Ralph E. 
245 1 4 |a The royal funeral ceremony in Renaissance France. 
264 1 |a Geneve :  |b E. Droz,  |c 1960. 
300 |a 233 pages :  |b illustrations, diagrams ;  |c 26 cm. 
336 |a text  |b txt  |2 rdacontent 
337 |a unmediated  |b n  |2 rdamedia 
338 |a volume  |b nc  |2 rdacarrier 
490 1 |a Travaux d'humanisme et renaissance,  |v 37 
500 |a Based on the author's dissertation, University of California, 1954. 
504 |a Bibliography: pages 219-224. 
650 0 |a Funeral rites and ceremonies  |z France. 
651 0 |a France  |x Kings and rulers. 
830 0 |a Travaux d'humanisme et Renaissance ;  |v no. 37. 
999 |a MARS 
999 f f |s 9f25229f-e7d2-3ccc-b2e1-da83f75ec1de  |i c2757f42-7cd1-3af9-bb56-f4d905a8b657  |t 0 
952 f f |p ric  |a Texas A&M University  |b Rellis Campus  |c Joint Library Facility  |d Remote Storage  |t 0  |e GT3249 .G5  |h Library of Congress classification  |i unmediated -- volume  |m A14800885009 
998 f f |a GT3249 .G5  |t 0  |l Remote Storage